Taylor Swift - Devine la chanson sans indices #88 - Statistiques

Statistiques générales
  • Ce quiz a été pris 194 fois
  • Le résultat moyen est 162 sur 260
Statistiques - réponses
Réponse % Correct
I
99%
a
97%
you
95%
You
95%
love
88%
the
88%
The
88%
to
88%
To
88%
me
85%
do
84%
when
83%
When
83%
is
82%
And
80%
my
80%
for
77%
I'm
76%
in
76%
on
76%
no
74%
that
74%
are
73%
know
73%
they
73%
don't
71%
it's
71%
like
71%
want
69%
can
68%
of
68%
All
67%
But
67%
but
67%
I'll
67%
one
64%
just
63%
been
62%
said
62%
why
62%
at
59%
never
59%
not
55%
You'll
55%
I've
54%
every
53%
get
53%
mirrorball
51%
still
51%
Because
50%
off
50%
try,
49%
try
49%
as
47%
show
47%
out
46%
down
45%
end
45%
everything
44%
Shining
43%
tonight
43%
Tonight
43%
around,
42%
highest
42%
near
42%
tiptoes
42%
trying
42%
version
42%
looking
41%
dear
40%
find
40%
heels,
40%
Spinning
40%
yourself
40%
keep
39%
tallest
39%
about
38%
natural
36%
believer
34%
break
34%
Hush
33%
beautiful
32%
change
32%
circus
32%
disco
32%
fit
32%
floor
32%
home
32%
laughing
32%
pieces
32%
million
30%
rodeo
30%
called
29%
clowns
27%
regulars
27%
horses
25%
sent
25%
trapeze
23%
Shimmering
21%
watch
19%
tightrope
18%
Burned
13%
masquerade
12%
glisten
10%
Drunk
8%
edges
8%
shattered
8%
revelers
7%
Aucun quiz correspondant
Distribution des résultats
% des personnes avec chaque résultat
Percentile par nombre de réponses
Votre historique - résultats
Vous n’avez pas pris ce quiz